[Event "FIN-chT 1718"]
[Site "Finland"]
[Date "2018.03.11"]
[Round "11.3"]
[White "Hellen, Bo"]
[Black "Nyysti, Sampsa"]
[Result "1/2-1/2"]
[WhiteElo "2014"]
[BlackElo "2337"]
[PlyCount "45"]
[EventDate "2017.09.16"]
[EventType "team-tourn"]
[EventRounds "11"]
[EventCountry "FIN"]
[SourceTitle "EXT 2019"]
[Source "ChessBase"]
[SourceDate "2018.10.10"]
[SourceVersion "1"]
[SourceVersionDate "2018.10.10"]
[SourceQuality "1"]
[WhiteTeam "Karjaa KarjUra"]
[BlackTeam "Helsinki SSK"]
[WhiteTeamCountry "FIN"]
[BlackTeamCountry "FIN"]

1. d4 Nf6 2. c4 e6 3. Nf3 Bb4+ 4. Nc3 d6 5. Bd2 0-0 6. e3 Nc6 7. Qc2 e5 8. d5 Ne7 9. Bd3 c6 10. dxc6 bxc6 11. Ne4 Bxd2+ 12. Nfxd2 Nxe4 13. Bxe4 f5 14. Bf3 Be6 15. 0-0 Rb8 16. Qc3 c5 17. Be2 Nc6 18. Rfd1 Qa5 19. Qc2 Nb4 20. Qc3 Nc6 21. Qc2 Nb4 22. Qc3 Nc6 23. Qc2 1/2-1/2

[Event "FIN-chT 1617"]
[Site "Finland"]
[Date "2016.12.10"]
[Round "5.3"]
[White "Hellen, Bo"]
[Black "Pulkkinen, Kari"]
[Result "0-1"]
[WhiteElo "2044"]
[BlackElo "2229"]
[PlyCount "110"]
[EventDate "2016.09.17"]
[EventType "team-tourn"]
[EventRounds "11"]
[EventCountry "FIN"]
[SourceTitle "EXT 2018"]
[Source "ChessBase"]
[SourceDate "2017.10.13"]
[SourceVersion "1"]
[SourceVersionDate "2017.10.13"]
[SourceQuality "1"]
[WhiteTeam "Karjaa KarjUra"]
[BlackTeam "Helsinki Aatos"]
[WhiteTeamCountry "FIN"]
[BlackTeamCountry "FIN"]

1. e4 c5 2. Nf3 d6 3. d4 cxd4 4. Nxd4 Nf6 5. f3 Nc6 6. c4 Qb6 7. Nc2 g6 8. Nc3 Bg7 9. Rb1 0-0 10. Be3 Qd8 11. Qd2 b6 12. Be2 Bb7 13. 0-0 Rc8 14. b3 Ne5 15. Rbd1 Qc7 16. Nb5 Qb8 17. Nc3 Rfd8 18. g4 e6 19. g5 Ne8 20. f4 Nd7 21. Nd4 Nc5 22. Bf3 Qa8 23. Qg2 a6 24. h4 b5 25. cxb5 Nxb3 26. Nce2 Nxd4 27. Nxd4 Rc3 28. Qd2 Rc4 29. Qd3 axb5 30. Nxb5 Qxa2 31. Rf2 Qa4 32. Nd4 Rdc8 33. f5 Rc3 34. Qd2 e5 35. f6 exd4 36. Bxd4 Rc2 37. Qf4 Rxf2 38. Bxf2 Bf8 39. h5 d5 40. hxg6 hxg6 41. Rd4 Qc2 42. exd5 Bc5 43. Rd2 Qc1+ 44. Bd1 Bxd5 45. Bxc5 Qxc5+ 46. Qd4 Qxd4+ 47. Rxd4 Be6 48. Ba4 Nc7 49. Kh2 Ra8 50. Kg3 Bf5 51. Kh4 Ne6 52. Rc4 Bd3 53. Rg4 Be2 54. Re4 Bf3 55. Rc4 Bd5 0-1